000 00470nam a2200169Ia 4500
008 090711s9999 xx 000 0 und d
082 _b69088
100 _aओक जनार्दन
245 _aपाठलाग
260 _bपूजा प्रकाशन
_c1990
300 _a164
600 _aओक जनार्दन
630 _aपाठलाग
700 _aओक जनार्दन
730 _aपाठलाग
942 _cBOOK
999 _c303936
_d303936